000 00799cab a2200229 4500
001 WB2921-05
008 090401t1993 xxu||||| |||| 00| 0 eng d
035 _a(Sirsi) u42685
041 _aeng
245 _aBlast repair may weaken cladding
260 _c1993
350 _a0
490 _aNew Builder
_v(176) 28 May 1993, 6(1)
520 _aThe performance of replacement glazing and cladding in bomb-damaged buildings has been called into question by specialists Sandberg, who are pressing for research into the effects of protective materials on existing fixings.
650 _aBLAST-LOADING
650 _aBOMB-DAMAGED BUILDINGS
650 _aLAMINATED GLASS
650 _aWINDOWS
690 _aBUILDING AND CONSTRUCTION-REPAIRS AND MAINTENANCE
942 _n0
948 _c04/03/1997
999 _c27315
_d27315